Statistics for Which City is Bigger?

Click here to take the quiz!

General Stats

  • This quiz has been taken 134 times
  • The average score is 12 of 20

Answer Stats

QuestionAnswer% Correct
Helsinki or MelbourneMelbourne
89%
Tokyo or JakartaTokyo
87%
Lima or DhakaDhaka
79%
Nairobi or AtlantaNairobi
76%
Dallas Fort Worth or Hong KongHong Kong
74%
Kinshasa or ManilaManila
73%
Lanzhou or MinskLanzhou
72%
Honolulu or LisbonLisbon
66%
Doha or AthensAthens
63%
Hanoi or JohannesburgJohannesburg
60%
Washington D.C or MiamiWashington D.C
60%
Kabul or RomeKabul
55%
Berlin or SantiagoSantiago
55%
Wellington or CanberraWellington
55%
Dublin or OttawaDublin
54%
Port Moresby or CardiffCardiff
50%
Birmingham or Santo DomingoBirmingham
44%
Male or NoumeaNoumea
44%
Sydney or BarcelonaBarcelona
38%
Paris or LondonParis
37%

Score Distribution

Percentile by Number Answered

Percent of People with Each Score

Your Score History

You have not taken this quiz